000 00289nam a2200109 a 4500
005 20200930073720.0
008 111004s2009 000 spa d
020 _a9788560810161
245 0 _aCiência da informaçao : múltiplos diálogos.
260 _aMarília,
_c2009.
999 _c33957
_d33957
040 _aDO-SdBNP